000 00211nam a22000857a 4500
040 _cSCME
100 _aYan Bing
245 _aWitness to china’s reform and opening up series of 40 celebrities
942 _2ddc
_cBK
999 _c589566
_d589566